000 01119nam a2200325 c 4500
001 58856
003 CO-BoRNBP
005 20250828193311.0
007 ta
008 180109s2010 sp a br 000 0 spa d
020 _a9788423698202
040 _aCO-BoRNBP
_bspa
_erda
_cCO-BoRNBP
041 0 _aspa
043 _as-ck---
082 0 4 _a745.5
_bC89m
_223
100 1 _aCuxart, Bernadette,
_d1965-
_eaut
_964200
245 1 0 _aModela tus animales /
_ctextos e ilustraciones de Bernadette Cuxart ; fotografías Pep Herrero.
250 _aSegunda edición, Séptima edición
264 1 _aBarcelona, España :
_bEdebé,
_c2013
300 _a95 páginas :
_bilustraciones a color
336 _atexto
_btxt
_2rdacontent
337 _asin mediación
_bn
_2rdamedia
338 _avolumen
_bnc
_2rdacarrier
500 _aEn carátula: Ideas sencillas explicadas paso a paso
534 _bRecomendado para un público infantil mayor de 9 años
650 0 7 _aManualidades
_xEnseñanza
_2lemb
_964201
650 0 7 _aArtesanías en plastilina
_xEnseñanza
_2LEMB
_964202
700 _aHerrero Pep
_epht
_964203
942 _2ddc
_cBKINF
999 _c58856
_d58856